000 01151nam a22002777i 4500
003 EG-GICUC
005 20260211170350.0
008 260211s1985 ua ||||fr|||| 00| 0 ara d
040 _a EG-GICUC
_bara
_c EG-GICUC
_d EG-GICUC
_erda
082 0 4 _221
_a341.77
_bأ ح . د
092 0 4 _221
099 _aLaw 11 341.77 أ ح . د 1985
100 0 _aأحمد عبدالكريم سلامة.
_eمؤلف.
245 0 1 _aالدعوى المدنية الناشئة عن جريمة بين قانون العقوبات الدولي والقانون الدولي الخاص /
_cاعداد أحمد عبدالكريم سلامة.
264 _aالقاهرة ؛
_bدار النهضة العربية ,
_c1985.
300 _a363 صفحة
_bإيضاحيات، صور، مثيليات ؛
_c24 سم
336 _2rda content
_atext
337 _2rda media
_aComputer
338 _2rda carrier
_aOnline Resource
504 _a. 240-220 ببليوجرافيا: صفحات.
650 1 _aالقانون الدولي العام
_2qrmak
651 1 _2qrmak
856 4 0 _uhttps://fll.law.cu.edu.eg/fulltext/bks/B11-04587.pdf
905 _a31
942 _2ddc
_cBK
_e21
_n0
999 _c62661
_d62661